[Event "EYCC 2024 - G14"]
[Site "?"]
[Date "2024.08.28"]
[Round "6.1"]
[White "Kuznecova, Marija"]
[Black "Mgeladze, Kesaria"]
[Result "1-0"]
[BlackElo "2152"]
[WhiteElo "2174"]
[LiveChessVersion "1.4.8"]

1. e4 {[%clk 1:30:58]} c5 {[%clk 1:30:49]} 2. Nf3 {[%clk 1:31:18]} d6
{[%clk 1:31:14]} 3. d4 {[%clk 1:31:36]} cxd4 {[%clk 1:31:39]} 4. Nxd4
{[%clk 1:31:57]} Nf6 {[%clk 1:32:04]} 5. Nc3 {[%clk 1:32:15]} Nc6
{[%clk 1:32:29]} 6. Bg5 {[%clk 1:32:30]} e6 {[%clk 1:32:52]} 7. Qd2
{[%clk 1:32:47]} a6 {[%clk 1:33:11]} 8. O-O-O {[%clk 1:33:03]} Bd7
{[%clk 1:33:32]} 9. f4 {[%clk 1:33:14]} b5 {[%clk 1:33:51]} 10. Bxf6
{[%clk 1:33:27]} gxf6 {[%clk 1:34:14]} 11. Kb1 {[%clk 1:33:39]} Qb6
{[%clk 1:34:31]} 12. Nxc6 {[%clk 1:33:45]} Bxc6 {[%clk 1:34:57]} 13. f5
{[%clk 1:33:58]} Rg8 {[%clk 1:35:16]} 14. Qd3 {[%clk 1:34:18]} Qc5
{[%clk 1:30:14]} 15. Re1 {[%clk 1:32:58]} O-O-O {[%clk 1:27:33]} 16. fxe6
{[%clk 1:29:32]} fxe6 {[%clk 1:27:57]} 17. Qh3 {[%clk 1:29:37]} Qe5
{[%clk 1:26:16]} 18. Bd3 {[%clk 1:26:50]} Kb8 {[%clk 1:24:11]} 19. g3
{[%clk 1:22:40]} Bg7 {[%clk 1:13:12]} 20. Rhf1 {[%clk 1:11:41]} h5
{[%clk 1:06:36]} 21. Ne2 {[%clk 1:03:22]} f5 {[%clk 0:48:08]} 22. Nc3
{[%clk 0:56:14]} Qc5 {[%clk 0:37:37]} 23. Nd1 {[%clk 0:46:15]} fxe4
{[%clk 0:35:03]} 24. Bxe4 {[%clk 0:46:33]} d5 {[%clk 0:33:14]} 25. Bh7
{[%clk 0:42:30]} Rh8 {[%clk 0:30:32]} 26. Bg6 {[%clk 0:39:07]} e5
{[%clk 0:20:21]} 27. Rf7 {[%clk 0:29:47]} Bh6 {[%clk 0:20:39]} 28. Qxh5
{[%clk 0:17:36]} e4 {[%clk 0:17:47]} 29. Qe5+ {[%clk 0:16:22]} Qd6
{[%clk 0:18:00]} 30. Qf5 {[%clk 0:15:55]} Bd7 {[%clk 0:13:49]} 31. Qf6
{[%clk 0:14:36]} Bg4 {[%clk 0:12:41]} 32. Qf2 {[%clk 0:13:03]} Rd7
{[%clk 0:11:58]} 33. Rf6 {[%clk 0:12:24]} Qe7 {[%clk 0:09:57]} 34. Rxa6
{[%clk 0:11:18]} Rf8 {[%clk 0:09:07]} 35. Qb6+ {[%clk 0:11:04]} Rb7
{[%clk 0:09:20]} 36. Qa5 {[%clk 0:11:20]} Kc8 {[%clk 0:09:03]} 37. Ra8+
{[%clk 0:10:36]} Kd7 {[%clk 0:09:29]} 38. Rxf8 {[%clk 0:10:15]} Qxf8
{[%clk 0:09:20]} 39. Qa6 {[%clk 0:09:56]} Kc8 {[%clk 0:07:58]} 40. Qa8+
{[%clk 0:07:19]} Kc7 {[%clk 0:08:21]} 41. Qxf8 {[%clk 0:07:26]} Bxf8
{[%clk 0:08:47]} 42. Ne3 {[%clk 0:06:55]} Be6 {[%clk 0:09:08]} 43. Rf1
{[%clk 0:06:31]} Bc5 {[%clk 0:08:40]} 44. Nf5 {[%clk 0:06:12]} Rb8
{[%clk 0:07:57]} 45. h4 {[%clk 0:05:21]} e3 {[%clk 0:07:23]} 46. h5
{[%clk 0:04:39]} Rg8 {[%clk 0:04:49]} 47. g4 {[%clk 0:03:28]} d4 {[%clk 0:04:50]}
48. Re1 {[%clk 0:02:33]} Bc4 {[%clk 0:03:23]} 49. Kc1 {[%clk 0:02:28]} Bxa2
{[%clk 0:02:33]} 50. c3 {[%clk 0:01:46]} dxc3 {[%clk 0:01:35]} 51. bxc3
{[%clk 0:02:09]} Be6 {[%clk 0:01:53]} 52. Kb2 {[%clk 0:01:24]} Ra8
{[%clk 0:01:49]} 53. Nxe3 {[%clk 0:01:21]} b4 {[%clk 0:01:19]} 54. cxb4
{[%clk 0:01:13]} Bxb4 {[%clk 0:01:09]} 55. Rc1+ {[%clk 0:01:31]} Kd7
{[%clk 0:01:00]} 56. Rd1+ {[%clk 0:01:41]} Ke7 {[%clk 0:00:50]} 57. Nd5+
{[%clk 0:01:57]} Bxd5 {[%clk 0:01:14]} 58. Rxd5 {[%clk 0:02:23]} Ke6
{[%clk 0:01:15]} 59. Rd3 {[%clk 0:02:06]} Kf6 {[%clk 0:00:47]} 60. Rd5
{[%clk 0:02:16]} Ke6 {[%clk 0:00:42]} 61. Rf5 {[%clk 0:02:11]} Ra5
{[%clk 0:00:55]} 62. Bf7+ {[%clk 0:01:59]} Ke7 {[%clk 0:01:19]} 63. Bd5
{[%clk 0:01:58]} Kd6 {[%clk 0:01:14]} 64. Kb3 {[%clk 0:01:35]} Bd2
{[%clk 0:01:30]} 65. Kc4 {[%clk 0:01:42]} Ra4+ {[%clk 0:00:53]} 66. Kd3
{[%clk 0:02:07]} Bc1 {[%clk 0:01:18]} 67. Bc4 {[%clk 0:02:19]} Ke7
{[%clk 0:00:44]} 68. g5 {[%clk 0:02:32]} Bb2 {[%clk 0:00:50]} 69. Rf7+
{[%clk 0:01:50]} Ke8 {[%clk 0:01:15]} 70. Rb7 {[%clk 0:01:21]} Ba1
{[%clk 0:00:56]} 71. Bb5+ {[%clk 0:01:45]} 1-0

[Event "EYCC 2024 - G14"]
[Site "?"]
[Date "2024.08.28"]
[Round "6.2"]
[White "Sickmann, Lisa"]
[Black "Vujovic, Vera"]
[Result "0-1"]
[BlackElo "2175"]
[WhiteElo "1964"]
[LiveChessVersion "1.4.8"]

1. e4 {[%clk 1:30:59]} e5 {[%clk 1:30:54]} 2. Nf3 {[%clk 1:31:26]} Nc6
{[%clk 1:31:19]} 3. Bb5 {[%clk 1:31:53]} a6 {[%clk 1:31:46]} 4. Ba4
{[%clk 1:32:19]} Nf6 {[%clk 1:32:13]} 5. O-O {[%clk 1:32:45]} b5 {[%clk 1:32:41]}
6. Bb3 {[%clk 1:33:11]} Bc5 {[%clk 1:33:07]} 7. a4 {[%clk 1:33:38]} Bb7
{[%clk 1:32:30]} 8. Nxe5 {[%clk 1:32:20]} Nxe5 {[%clk 1:32:52]} 9. d4
{[%clk 1:32:47]} Bxd4 {[%clk 1:12:11]} 10. Qxd4 {[%clk 1:33:10]} d6 11. axb5
{[%clk 1:30:44]} axb5 {[%clk 1:10:38]} 12. Rxa8 {[%clk 1:30:51]} Bxa8
{[%clk 1:04:58]} 13. Nc3 {[%clk 1:18:55]} c5 {[%clk 0:41:55]} 14. Qd1
{[%clk 1:17:04]} c4 {[%clk 0:28:44]} 15. Nxb5 {[%clk 1:14:08]} cxb3
{[%clk 0:28:29]} 16. Nxd6+ {[%clk 1:14:08]} Kf8 {[%clk 0:28:43]} 17. Bf4
{[%clk 1:09:45]} Ng6 {[%clk 0:15:40]} 18. Bg3 {[%clk 1:02:48]} h5
{[%clk 0:12:22]} 19. e5 {[%clk 1:01:46]} Nd5 {[%clk 0:03:48]} 20. Qf3
{[%clk 1:01:02]} Ndf4 {[%clk 0:03:36]} 21. Qxb3 {[%clk 1:00:51]} Bd5
{[%clk 0:03:24]} 22. Qb4 {[%clk 1:00:09]} Ne2+ {[%clk 0:02:42]} 23. Kh1
{[%clk 1:00:32]} h4 {[%clk 0:02:20]} 24. e6 {[%clk 0:52:31]} hxg3
{[%clk 0:00:45]} 25. Nxf7+ {[%clk 0:52:14]} Kg8 {[%clk 0:00:45]} 26. fxg3
{[%clk 0:51:31]} Nxg3+ {[%clk 0:01:04]} 27. Kg1 {[%clk 0:51:58]} Ne2+
{[%clk 0:00:57]} 28. Kf2 {[%clk 0:49:43]} Qh4+ {[%clk 0:00:39]} 29. Qxh4
{[%clk 0:50:07]} Rxh4 {[%clk 0:01:05]} 30. Ng5 {[%clk 0:48:56]} Nd4
{[%clk 0:00:34]} 31. Re1 {[%clk 0:49:06]} Rxh2 {[%clk 0:00:36]} 32. c4
{[%clk 0:48:05]} Rxg2+ {[%clk 0:00:37]} 33. Kf1 {[%clk 0:48:27]} Bc6
{[%clk 0:00:36]} 34. Re5 {[%clk 0:48:26]} Nxe5 {[%clk 0:00:52]} 0-1

[Event "EYCC 2024 - G14"]
[Site "?"]
[Date "2024.08.28"]
[Round "6.3"]
[White "Siskou, Evangelia"]
[Black "Huseynova, Lala"]
[Result "0-1"]
[BlackElo "1984"]
[WhiteElo "1932"]
[LiveChessVersion "1.4.8"]

1. e4 {[%clk 1:30:54]} c5 {[%clk 1:30:51]} 2. Nf3 {[%clk 1:31:16]} d6
{[%clk 1:31:17]} 3. Bb5+ {[%clk 1:31:35]} Bd7 {[%clk 1:31:35]} 4. Bxd7+
{[%clk 1:31:57]} Qxd7 {[%clk 1:32:01]} 5. c4 {[%clk 1:32:16]} Nf6
{[%clk 1:32:05]} 6. Nc3 {[%clk 1:32:38]} g6 {[%clk 1:31:53]} 7. d4
{[%clk 1:33:02]} cxd4 {[%clk 1:32:11]} 8. Nxd4 {[%clk 1:33:30]} Bg7
{[%clk 1:32:24]} 9. f3 {[%clk 1:33:50]} Qc7 {[%clk 1:32:16]} 10. b3
{[%clk 1:25:56]} Qa5 {[%clk 1:31:00]} 11. Bd2 {[%clk 1:24:34]} O-O
{[%clk 1:30:07]} 12. O-O {[%clk 1:23:25]} Nxe4 {[%clk 1:26:48]} 13. Nxe4
{[%clk 1:23:35]} Bxd4+ {[%clk 1:26:47]} 14. Kh1 {[%clk 1:24:03]} Qb6
{[%clk 1:13:28]} 15. Bh6 {[%clk 1:21:40]} Re8 {[%clk 1:06:22]} 16. Rc1
{[%clk 1:11:41]} Nc6 {[%clk 0:51:17]} 17. f4 {[%clk 1:08:34]} f5 {[%clk 0:48:12]}
18. Ng5 {[%clk 0:57:15]} e5 {[%clk 0:40:13]} 19. Qf3 {[%clk 0:38:14]} e4
{[%clk 0:38:31]} 20. Qe2 {[%clk 0:37:28]} Qc5 {[%clk 0:27:47]} 21. Rb1
{[%clk 0:18:25]} a5 {[%clk 0:25:49]} 22. g4 {[%clk 0:16:41]} Bf6 {[%clk 0:19:06]}
23. gxf5 {[%clk 0:15:37]} Nd4 {[%clk 0:15:12]} 24. Qg2 {[%clk 0:13:43]} Qxf5
{[%clk 0:14:06]} 25. Rbe1 {[%clk 0:12:12]} Bxg5 {[%clk 0:12:45]} 26. Qxg5
{[%clk 0:10:47]} e3 {[%clk 0:10:34]} 27. Qxf5 {[%clk 0:08:13]} Nxf5
{[%clk 0:10:53]} 28. Bg5 {[%clk 0:08:41]} Kf7 {[%clk 0:10:53]} 29. Rf3
{[%clk 0:08:13]} h6 {[%clk 0:10:30]} 30. Bxh6 {[%clk 0:08:20]} Nxh6
{[%clk 0:10:58]} 31. Rh3 {[%clk 0:08:34]} Nf5 {[%clk 0:09:19]} 32. Rh7+
{[%clk 0:08:48]} Kf6 {[%clk 0:09:37]} 33. Rxb7 {[%clk 0:09:04]} e2
{[%clk 0:09:26]} 34. Rb6 {[%clk 0:08:47]} Re6 {[%clk 0:08:51]} 35. c5
{[%clk 0:08:38]} Rd8 {[%clk 0:08:32]} 36. cxd6 {[%clk 0:07:37]} Rdxd6
{[%clk 0:08:16]} 37. Rxd6 {[%clk 0:08:01]} Nxd6 {[%clk 0:08:45]} 38. Kg2
{[%clk 0:08:23]} Nb5 {[%clk 0:07:56]} 39. Kf2 {[%clk 0:08:31]} Nc3
{[%clk 0:07:42]} 40. a4 {[%clk 0:08:23]} Ne4+ {[%clk 0:06:15]} 41. Kg1
{[%clk 0:07:49]} Nc5 {[%clk 0:06:35]} 0-1

[Event "EYCC 2024 - G14"]
[Site "?"]
[Date "2024.08.28"]
[Round "6.4"]
[White "Krkyasharyan, Sona"]
[Black "Smietanska, Wiktoria"]
[Result "1/2-1/2"]
[BlackElo "2143"]
[WhiteElo "1884"]
[LiveChessVersion "1.4.8"]

1. d4 {[%clk 1:30:58]} d5 {[%clk 1:30:54]} 2. c4 {[%clk 1:31:23]} e6
{[%clk 1:31:18]} 3. Nc3 {[%clk 1:31:47]} Bb4 {[%clk 1:31:43]} 4. Qb3
{[%clk 1:31:38]} Nc6 {[%clk 1:29:50]} 5. Nf3 {[%clk 1:32:02]} Nf6
{[%clk 1:26:46]} 6. Bg5 {[%clk 1:32:16]} O-O {[%clk 1:23:20]} 7. e3
{[%clk 1:31:19]} Bxc3+ {[%clk 1:19:36]} 8. Qxc3 {[%clk 1:28:36]} h6
{[%clk 1:17:38]} 9. Bxf6 {[%clk 1:28:23]} Qxf6 {[%clk 1:17:57]} 10. Bd3
{[%clk 1:27:47]} Ne7 {[%clk 1:07:08]} 11. O-O {[%clk 1:25:59]} c5
{[%clk 1:02:00]} 12. cxd5 {[%clk 1:16:36]} cxd4 {[%clk 1:02:14]} 13. Qxd4
{[%clk 1:16:54]} Qxd4 {[%clk 1:01:58]} 14. Nxd4 {[%clk 1:17:16]} Nxd5
{[%clk 1:02:23]} 15. Rfd1 {[%clk 1:10:16]} b6 {[%clk 0:56:53]} 16. Be4
{[%clk 1:01:20]} Bb7 {[%clk 0:54:36]} 17. Nb5 {[%clk 1:01:39]} Rfd8
{[%clk 0:51:51]} 18. Rac1 {[%clk 0:59:09]} Rd7 {[%clk 0:45:41]} 19. h3
{[%clk 0:54:55]} Rad8 {[%clk 0:42:36]} 20. Nxa7 {[%clk 0:48:36]} Nxe3
{[%clk 0:36:46]} 21. Rxd7 {[%clk 0:48:09]} Rxd7 {[%clk 0:37:14]} 22. Bxb7
{[%clk 0:47:51]} Rxb7 {[%clk 0:37:41]} 23. fxe3 {[%clk 0:47:58]} Rxa7
{[%clk 0:38:06]} 24. Rc8+ {[%clk 0:48:10]} Kh7 {[%clk 0:38:34]} 25. a3
{[%clk 0:48:31]} Rb7 {[%clk 0:36:33]} 26. Kf2 {[%clk 0:48:19]} Kg6
{[%clk 0:36:26]} 27. Kf3 {[%clk 0:47:39]} Kf5 {[%clk 0:35:27]} 28. Rc4
{[%clk 0:45:39]} Ke5 {[%clk 0:32:30]} 29. Rd4 {[%clk 0:38:40]} Rc7
{[%clk 0:30:44]} 30. Rb4 {[%clk 0:35:34]} Rc6 {[%clk 0:30:06]} 31. Ke2
{[%clk 0:35:31]} Rd6 {[%clk 0:26:42]} 32. Rb5+ {[%clk 0:32:47]} Ke4
{[%clk 0:26:37]} 33. Rb4+ {[%clk 0:33:07]} Ke5 {[%clk 0:26:12]} 34. Rb5+
{[%clk 0:29:52]} Ke4 {[%clk 0:20:27]} 35. a4 {[%clk 0:29:35]} f5 {[%clk 0:18:56]}
36. Rb4+ {[%clk 0:26:25]} Ke5 {[%clk 0:19:16]} 37. h4 {[%clk 0:24:36]} g5
{[%clk 0:16:34]} 38. g3 {[%clk 0:24:48]} Kf6 {[%clk 0:15:23]} 39. h5
{[%clk 0:20:30]} g4 {[%clk 0:13:43]} 40. Rd4 {[%clk 0:20:03]} Rc6
{[%clk 0:13:11]} 41. Kd3 {[%clk 0:18:32]} Kg5 {[%clk 0:09:53]} 42. Rc4
{[%clk 0:18:08]} Rd6+ {[%clk 0:09:35]} 43. Rd4 {[%clk 0:18:25]} Rc6
{[%clk 0:09:30]} 44. Rc4 {[%clk 0:18:50]} Rd6+ {[%clk 0:03:03]} 45. Rd4
{[%clk 0:19:13]} 1/2-1/2

[Event "EYCC 2024 - G14"]
[Site "?"]
[Date "2024.08.28"]
[Round "6.5"]
[White "Halas, Neele Zoe"]
[Black "Bernard, Ines"]
[Result "0-1"]
[BlackElo "2005"]
[WhiteElo "1785"]
[LiveChessVersion "1.4.8"]

1. e4 {[%clk 1:30:59]} c5 {[%clk 1:30:52]} 2. c3 {[%clk 1:31:23]} d5
{[%clk 1:31:15]} 3. exd5 {[%clk 1:31:48]} Qxd5 {[%clk 1:31:42]} 4. d4
{[%clk 1:32:10]} Nc6 {[%clk 1:32:01]} 5. Nf3 {[%clk 1:32:28]} Bg4
{[%clk 1:32:25]} 6. dxc5 {[%clk 1:27:03]} Qxd1+ {[%clk 1:32:47]} 7. Kxd1
{[%clk 1:27:28]} O-O-O+ {[%clk 1:33:11]} 8. Ke1 {[%clk 1:25:33]} Nf6
{[%clk 1:27:58]} 9. Nbd2 {[%clk 1:09:01]} e5 {[%clk 1:21:10]} 10. Bb5
{[%clk 1:06:20]} Bxc5 11. Nc4 {[%clk 0:57:38]} e4 {[%clk 1:12:17]} 12. Bxc6
{[%clk 0:55:36]} bxc6 {[%clk 1:10:12]} 13. Nfd2 {[%clk 0:50:41]} Rhe8
{[%clk 1:06:36]} 14. h3 {[%clk 0:43:15]} e3 {[%clk 1:02:21]} 15. Nxe3
{[%clk 0:42:31]} Bxe3 {[%clk 1:01:43]} 16. fxe3 {[%clk 0:42:19]} Rxe3+
{[%clk 1:00:51]} 17. Kf2 {[%clk 0:34:07]} Re2+ {[%clk 1:01:06]} 18. Kg1
{[%clk 0:32:53]} Bf5 {[%clk 0:54:54]} 19. Kh2 {[%clk 0:23:14]} Rdxd2
{[%clk 0:53:29]} 20. Bxd2 {[%clk 0:23:35]} Rxd2 {[%clk 0:53:57]} 21. b3
{[%clk 0:23:50]} Be4 {[%clk 0:54:07]} 22. Rhg1 {[%clk 0:24:09]} Nd5
{[%clk 0:50:00]} 23. Rae1 {[%clk 0:22:22]} f5 {[%clk 0:50:04]} 24. Kg3
{[%clk 0:21:39]} Nxc3 {[%clk 0:49:35]} 25. Kh4 {[%clk 0:21:07]} Rxa2
{[%clk 0:47:25]} 26. g4 {[%clk 0:20:35]} f4 {[%clk 0:46:48]} 27. Rgf1
{[%clk 0:19:55]} Ne2 {[%clk 0:43:00]} 28. Rf2 {[%clk 0:18:07]} f3
{[%clk 0:43:25]} 29. g5 {[%clk 0:17:13]} Rb2 {[%clk 0:42:36]} 30. Ra1
{[%clk 0:17:09]} Kb7 {[%clk 0:40:59]} 31. Ra4 {[%clk 0:16:47]} Bd5
{[%clk 0:40:10]} 32. Rb4+ {[%clk 0:13:58]} Kc7 {[%clk 0:39:42]} 33. Ra4
{[%clk 0:13:52]} Rxb3 {[%clk 0:40:07]} 34. Rxa7+ {[%clk 0:13:50]} Kb6
{[%clk 0:40:33]} 35. Rxg7 {[%clk 0:12:15]} Rb4+ {[%clk 0:40:57]} 36. Kh5
{[%clk 0:12:33]} Ng3+ {[%clk 0:41:20]} 37. Kh6 {[%clk 0:12:56]} Rh4# 0-1

[Event "EYCC 2024 - G14"]
[Site "?"]
[Date "2024.08.28"]
[Round "6.6"]
[White "Jakubse, Tamae Severina"]
[Black "Kalandadze, Mariam"]
[Result "0-1"]
[BlackElo "1826"]
[WhiteElo "1904"]
[LiveChessVersion "1.4.8"]

1. e4 {[%clk 1:30:57]} c5 {[%clk 1:30:56]} 2. Nf3 {[%clk 1:31:23]} d6
{[%clk 1:31:21]} 3. Bc4 {[%clk 1:31:48]} Nf6 {[%clk 1:31:13]} 4. d3
{[%clk 1:32:12]} e6 {[%clk 1:30:23]} 5. c3 {[%clk 1:31:50]} Be7 {[%clk 1:28:29]}
6. O-O {[%clk 1:31:23]} O-O {[%clk 1:28:36]} 7. Bb3 {[%clk 1:31:15]} Qc7
{[%clk 1:27:18]} 8. Re1 {[%clk 1:30:50]} Nbd7 {[%clk 1:25:28]} 9. h3
{[%clk 1:22:31]} a6 {[%clk 1:18:13]} 10. d4 {[%clk 1:06:22]} b5 {[%clk 1:05:19]}
11. Bc2 {[%clk 0:57:10]} Rd8 {[%clk 1:02:13]} 12. Nbd2 {[%clk 0:56:00]} Bb7
{[%clk 0:58:57]} 13. Nf1 {[%clk 0:55:28]} a5 {[%clk 0:44:12]} 14. Bf4
{[%clk 0:51:13]} b4 {[%clk 0:37:05]} 15. N3d2 {[%clk 0:36:09]} Ba6
{[%clk 0:28:10]} 16. Ne3 {[%clk 0:32:43]} bxc3 {[%clk 0:21:58]} 17. bxc3
{[%clk 0:33:11]} Nf8 {[%clk 0:21:38]} 18. Bh2 {[%clk 0:25:29]} Qa7
{[%clk 0:17:59]} 19. Ndc4 {[%clk 0:17:55]} d5 {[%clk 0:05:30]} 20. Ne5
{[%clk 0:14:50]} Rac8 {[%clk 0:05:21]} 21. exd5 {[%clk 0:10:14]} cxd4
{[%clk 0:05:02]} 22. cxd4 {[%clk 0:08:19]} Nxd5 {[%clk 0:05:21]} 23. Be4
{[%clk 0:07:56]} Nc3 {[%clk 0:02:35]} 24. Qf3 {[%clk 0:04:53]} Nxe4
{[%clk 0:02:13]} 25. Qxe4 {[%clk 0:04:53]} Bb7 {[%clk 0:00:35]} 26. d5
{[%clk 0:03:08]} exd5 {[%clk 0:00:43]} 27. Qf5 {[%clk 0:03:11]} f6
{[%clk 0:00:39]} 28. N5g4 {[%clk 0:02:58]} d4 {[%clk 0:00:39]} 29. Nf1
{[%clk 0:02:26]} Rd5 {[%clk 0:00:35]} 30. Qd3 {[%clk 0:02:22]} Bb4
{[%clk 0:00:34]} 31. Rec1 {[%clk 0:02:06]} Rc3 {[%clk 0:00:49]} 32. Rxc3
{[%clk 0:02:06]} Bxc3 {[%clk 0:01:14]} 33. Rc1 {[%clk 0:02:15]} Qa6
{[%clk 0:01:16]} 34. Qg3 {[%clk 0:02:22]} Kh8 {[%clk 0:00:50]} 35. Qb8
{[%clk 0:02:33]} Qa8 {[%clk 0:01:12]} 36. Qxa8 {[%clk 0:02:35]} Bxa8
{[%clk 0:01:40]} 37. Bf4 {[%clk 0:02:08]} h5 {[%clk 0:01:26]} 38. Ngh2
{[%clk 0:02:12]} Ne6 {[%clk 0:01:37]} 39. Bd2 {[%clk 0:02:36]} Rc5
{[%clk 0:01:57]} 40. Re1 {[%clk 0:02:27]} Bd5 {[%clk 0:01:53]} 41. Nf3
{[%clk 0:02:07]} Bxa2 {[%clk 0:01:44]} 42. Bxc3 {[%clk 0:02:20]} dxc3
{[%clk 0:01:53]} 43. Ne3 {[%clk 0:02:14]} Bb3 {[%clk 0:01:02]} 44. Rc1
{[%clk 0:02:12]} a4 {[%clk 0:01:03]} 45. Ne1 {[%clk 0:02:02]} Nd4
{[%clk 0:01:08]} 46. Kf1 {[%clk 0:01:59]} a3 {[%clk 0:01:15]} 47. Nd3
{[%clk 0:02:14]} Rc8 {[%clk 0:00:53]} 48. Ra1 {[%clk 0:02:17]} a2
{[%clk 0:01:00]} 49. Nc1 {[%clk 0:02:40]} Ra8 {[%clk 0:01:02]} 50. Ke1
{[%clk 0:02:41]} f5 {[%clk 0:01:18]} 51. g3 {[%clk 0:02:12]} g5 {[%clk 0:01:38]}
52. f4 {[%clk 0:01:40]} h4 {[%clk 0:01:04]} 53. Ne2 {[%clk 0:01:49]} Nxe2
{[%clk 0:00:40]} 54. Kxe2 {[%clk 0:02:17]} hxg3 {[%clk 0:01:03]} 55. fxg5
{[%clk 0:02:31]} f4 {[%clk 0:00:53]} 0-1

[Event "EYCC 2024 - G14"]
[Site "?"]
[Date "2024.08.28"]
[Round "6.7"]
[White "Zagorac, Lara"]
[Black "Richter, Johanna"]
[Result "0-1"]
[BlackElo "1861"]
[WhiteElo "2012"]
[LiveChessVersion "1.4.8"]

1. d4 {[%clk 1:30:58]} Nf6 {[%clk 1:30:50]} 2. c4 {[%clk 1:31:17]} g6
{[%clk 1:31:15]} 3. Nf3 {[%clk 1:31:32]} Bg7 {[%clk 1:31:39]} 4. g3
{[%clk 1:31:49]} O-O {[%clk 1:32:04]} 5. Bg2 {[%clk 1:32:07]} d5 {[%clk 1:32:28]}
6. cxd5 {[%clk 1:32:11]} Nxd5 {[%clk 1:32:52]} 7. O-O {[%clk 1:32:14]} Nb6
{[%clk 1:33:04]} 8. Nc3 {[%clk 1:32:24]} Nc6 {[%clk 1:33:14]} 9. e3
{[%clk 1:32:31]} e5 {[%clk 1:29:51]} 10. d5 {[%clk 1:30:25]} Na5 {[%clk 1:26:20]}
11. Qc2 {[%clk 1:28:58]} c6 {[%clk 1:23:31]} 12. b4 {[%clk 1:27:22]} Nac4
{[%clk 1:23:14]} 13. dxc6 {[%clk 1:26:58]} bxc6 {[%clk 1:23:09]} 14. Nd2
{[%clk 1:17:33]} Nxd2 {[%clk 1:15:17]} 15. Bxd2 {[%clk 1:13:03]} Bf5
{[%clk 1:09:58]} 16. Ne4 {[%clk 1:08:15]} Rc8 {[%clk 1:07:46]} 17. Bc1
{[%clk 0:54:30]} Qe7 {[%clk 1:03:42]} 18. Ba3 {[%clk 0:50:32]} Rfd8
{[%clk 0:57:17]} 19. Rac1 {[%clk 0:48:26]} Be6 {[%clk 0:46:18]} 20. Qc5
{[%clk 0:37:16]} Qc7 {[%clk 0:28:58]} 21. Bb2 {[%clk 0:22:36]} Bxa2
{[%clk 0:14:15]} 22. b5 {[%clk 0:21:38]} Bd5 {[%clk 0:13:57]} 23. bxc6
{[%clk 0:12:07]} Qxc6 {[%clk 0:08:49]} 24. Qb4 {[%clk 0:09:49]} Qa8
{[%clk 0:05:35]} 25. f3 {[%clk 0:05:00]} Nc4 {[%clk 0:03:24]} 26. Qc3
{[%clk 0:04:43]} Bxe4 {[%clk 0:03:20]} 27. fxe4 {[%clk 0:04:42]} Nd2 28. Qb4
{[%clk 0:03:02]} Nxf1 {[%clk 0:03:03]} 29. Rxf1 {[%clk 0:03:31]} Qc6
{[%clk 0:02:27]} 30. Qa3 {[%clk 0:02:36]} Qc5 {[%clk 0:02:26]} 31. Qb3
{[%clk 0:02:39]} Rc7 {[%clk 0:02:15]} 32. Rf2 {[%clk 0:01:55]} a5
{[%clk 0:01:40]} 33. Ba3 {[%clk 0:01:13]} Qc3 {[%clk 0:01:09]} 34. Qb6
{[%clk 0:01:31]} Rdc8 {[%clk 0:00:54]} 35. Bb2 {[%clk 0:01:14]} Qb4
{[%clk 0:01:07]} 36. Qa6 {[%clk 0:01:10]} a4 {[%clk 0:01:15]} 37. h4
{[%clk 0:01:01]} Qe1+ {[%clk 0:01:21]} 38. Bf1 {[%clk 0:00:54]} Qxe3
{[%clk 0:01:43]} 39. Kg2 {[%clk 0:00:57]} Qxe4+ {[%clk 0:02:04]} 40. Kg1
{[%clk 0:01:20]} Qc6 {[%clk 0:02:05]} 41. Qe2 {[%clk 0:01:20]} e4
{[%clk 0:02:06]} 42. Bxg7 {[%clk 0:01:35]} Kxg7 {[%clk 0:02:36]} 43. h5
{[%clk 0:01:47]} a3 {[%clk 0:02:35]} 44. Qg4 {[%clk 0:01:55]} Ra8
{[%clk 0:02:09]} 45. Ra2 {[%clk 0:01:12]} Qe6 {[%clk 0:02:00]} 46. Qe2
{[%clk 0:01:27]} Rb7 {[%clk 0:01:24]} 47. Qd2 {[%clk 0:01:36]} Qe5
{[%clk 0:01:10]} 48. h6+ {[%clk 0:02:01]} Kg8 {[%clk 0:01:32]} 49. Rxa3
{[%clk 0:02:00]} Qc5+ {[%clk 0:01:01]} 50. Re3 {[%clk 0:01:40]} Rb3
{[%clk 0:00:47]} 51. Kf2 {[%clk 0:01:30]} Qxe3+ {[%clk 0:01:00]} 52. Qxe3
{[%clk 0:01:58]} Rxe3 {[%clk 0:01:30]} 53. Kxe3 {[%clk 0:02:27]} f5
{[%clk 0:01:38]} 54. Kf4 {[%clk 0:02:30]} Kf7 {[%clk 0:01:47]} 55. Bc4+
{[%clk 0:01:37]} Kf6 {[%clk 0:02:01]} 56. Bb5 {[%clk 0:00:57]} Ra3
{[%clk 0:02:17]} 57. Be2 {[%clk 0:01:26]} g5# {[%clk 0:02:32]} 0-1

[Event "EYCC 2024 - G14"]
[Site "?"]
[Date "2024.08.28"]
[Round "6.8"]
[White "Skramstad, Oda Kofoed"]
[Black "Tokarz, Gabriela"]
[Result "0-1"]
[BlackElo "1845"]
[WhiteElo "1980"]
[LiveChessVersion "1.4.8"]

1. d4 {[%clk 1:30:36]} Nf6 {[%clk 1:30:57]} 2. c4 {[%clk 1:30:43]} e6
{[%clk 1:31:24]} 3. Nc3 {[%clk 1:30:23]} Bb4 {[%clk 1:31:51]} 4. Qc2
{[%clk 1:29:49]} c5 {[%clk 1:32:17]} 5. dxc5 {[%clk 1:28:56]} O-O
{[%clk 1:32:34]} 6. a3 {[%clk 1:28:16]} Bxc5 {[%clk 1:32:59]} 7. Nf3
{[%clk 1:28:00]} b6 {[%clk 1:32:41]} 8. Bg5 {[%clk 1:27:25]} Bb7 {[%clk 1:28:40]}
9. Rd1 {[%clk 1:27:45]} h6 {[%clk 1:25:54]} 10. Bh4 {[%clk 1:26:52]} Be7
{[%clk 1:25:35]} 11. e4 {[%clk 1:23:19]} Nh5 {[%clk 1:21:22]} 12. Bxe7
{[%clk 1:14:13]} Qxe7 {[%clk 1:21:50]} 13. Be2 {[%clk 1:14:00]} Nf4
{[%clk 1:18:46]} 14. O-O {[%clk 1:13:30]} d6 {[%clk 1:09:31]} 15. Rd2
{[%clk 1:06:58]} Nxe2+ {[%clk 1:03:04]} 16. Rxe2 {[%clk 1:03:09]} Nc6
{[%clk 1:00:35]} 17. Rd1 {[%clk 1:01:07]} Rfd8 {[%clk 1:00:06]} 18. Red2
{[%clk 0:55:19]} a6 {[%clk 0:58:21]} 19. Qd3 {[%clk 0:47:09]} Rac8
{[%clk 0:54:55]} 20. b3 {[%clk 0:38:35]} Qc7 {[%clk 0:49:57]} 21. Qe3
{[%clk 0:32:25]} Na5 {[%clk 0:44:01]} 22. Na2 {[%clk 0:30:35]} Nc6
{[%clk 0:41:18]} 23. Rd3 {[%clk 0:28:51]} Ne5 {[%clk 0:39:01]} 24. Nxe5
{[%clk 0:28:00]} dxe5 {[%clk 0:39:30]} 25. Qd2 {[%clk 0:25:46]} Rxd3
{[%clk 0:39:05]} 26. Qxd3 {[%clk 0:26:14]} Qc6 {[%clk 0:38:30]} 27. Re1
{[%clk 0:21:33]} Qc5 {[%clk 0:34:09]} 28. Nb4 {[%clk 0:17:27]} a5
{[%clk 0:32:15]} 29. Nc2 {[%clk 0:17:44]} b5 {[%clk 0:31:37]} 30. Ne3
{[%clk 0:17:26]} Qd4 {[%clk 0:30:15]} 31. Qd1 {[%clk 0:10:11]} Qxd1
{[%clk 0:21:54]} 32. Rxd1 {[%clk 0:10:04]} Bxe4 {[%clk 0:21:38]} 33. cxb5
{[%clk 0:10:25]} Rc3 {[%clk 0:21:28]} 34. Nc4 {[%clk 0:05:59]} Rxb3
{[%clk 0:20:46]} 35. Nxa5 {[%clk 0:05:22]} Rxb5 {[%clk 0:19:04]} 36. Nc4
{[%clk 0:05:30]} Bd3 {[%clk 0:15:28]} 37. Ne3 {[%clk 0:04:22]} e4
{[%clk 0:14:57]} 38. h3 {[%clk 0:02:59]} f5 {[%clk 0:14:56]} 39. Ra1
{[%clk 0:02:52]} f4 {[%clk 0:13:11]} 40. Nd1 {[%clk 0:03:05]} Rb3
{[%clk 0:12:02]} 41. g3 {[%clk 0:00:45]} Be2 {[%clk 0:11:57]} 42. gxf4
{[%clk 0:00:53]} Bxd1 {[%clk 0:12:21]} 43. Rxd1 {[%clk 0:01:22]} Rxa3
{[%clk 0:12:37]} 44. Kg2 {[%clk 0:01:34]} Rf3 {[%clk 0:12:58]} 45. Rd7
{[%clk 0:00:47]} Rxf4 {[%clk 0:13:00]} 46. Kg3 {[%clk 0:00:40]} Rf3+
{[%clk 0:12:55]} 47. Kg2 {[%clk 0:01:03]} Rd3 {[%clk 0:12:06]} 48. Re7
{[%clk 0:01:16]} e3 {[%clk 0:11:23]} 49. f3 {[%clk 0:01:22]} Rd6 {[%clk 0:11:16]}
50. Kf1 {[%clk 0:01:12]} Kf8 {[%clk 0:11:35]} 51. Ra7 {[%clk 0:01:32]} Rd2
{[%clk 0:11:58]} 52. Ra3 {[%clk 0:01:39]} Rf2+ {[%clk 0:12:09]} 53. Kg1
{[%clk 0:01:40]} Rxf3 {[%clk 0:12:36]} 54. Kg2 {[%clk 0:02:03]} Rf2+
{[%clk 0:12:24]} 55. Kg3 {[%clk 0:02:25]} Re2 {[%clk 0:12:19]} 56. Kf3
{[%clk 0:02:38]} Re1 {[%clk 0:12:46]} 0-1